000
00281nam a2200109Ia 4500
008
230907s9999||||xx |||||||||||||| ||und||
082
_a
697
_b
REN
245
0
_a
Renewable heating and cooling :
260
_a
Woodhead Publishing,
_b
Cambridge :
_c
2016
300
_a
274 p.
942
_c
BK
999
_c
599220
_d
599220